LEADER 01575nam a2200301 i 4500 001 000000367518 003 CaOOAMICUS 005 20260429115033.0 008 260429s2026 be u000 u lat u 020 $a978-2-503-61884-5 040 $aSeMil$bita 240 10$aExpositio in Cantica Canticorum.$0(OLS)http://semarc/title/249549 245 10$aAnonymi Expositio in Cantica Canticorum saeculi octavi /$ccura et studio Pietro Baio, Alessia Miriam Berardi, Rossana Eugenia Guglielmetti. 264 1$aTurnhout :$bBrepols,$c2026. 300 $aCXXVIII, 224 p. :$bill. ;$c26 cm 490 1 $aCorpus Christianorum. Continuatio Mediaevalis ;$v323 546 $aTesto in latino, introduzione e commento in italiano 650 4$aBibbia. Antico Testamento. Cantico dei Cantici - Commentari, studi, critica, interpretazioni.$0(OLS)http://semarc/subject/5490 700 1 $aBerardi, Alessia Miriam.$0(OLS)http://semarc/name/124281 700 1 $aGuglielmetti, Rossana E.,$d<1974- >.$0(OLS)http://semarc/name/61364 700 1 $aBaio, Pietro.$0(OLS)http://semarc/name/124282 830 0$aCorpus Christianorum. Continuatio Mediaevalis ;$v323.$0(OLS)http://semarc/title/35 850 $aSeMil 852 $aSeMil$W1$xVenegono$y1$mSL2.G CC.CM 323$j271155$B258208$CSeMilBibl$Z2$F258208 $8I 996 $6020$a978-2-503-61884-5$9(OLS)http://semarc/number/305786 996 $6245$aAnonymi Expositio in Cantica Canticorum saeculi octavi$9(OLS)http://semarc/title/459471 996 $6264$aTurnhout :$bBrepols$9(OLS)http://semarc/publisher/29626